Propaganda Eleitoral

Detalles Bibliográficos
Autor principal: Renato Pavan, Dorival
Formato: Libro
Lenguaje:portugués
Publicado: Brasil Pillares 2008
Materias:
Acceso en línea:Acceso restringido

MARC

LEADER 00000nam a22000007a 4500
005 20160520105023.0
007 cr|||| ||
008 160520s2008 bl ||||| |||| 00||0 por d
020 |a  978-85-89919-60-9 
035 |a 14222 
040 |a vLex  
090 |c 6112  |d 6112 
100 1 |a Renato Pavan, Dorival 
245 1 0 |a Propaganda Eleitoral  |h [Recurso electoral] /  |c Dorival Renato Pavan 
256 |a Servicio en ln̕ea  
260 |a Brasil   |b Pillares  |c 2008 
300 |a 1 recurso electrn̤ico  
500 |a Lei 9.504/97 Atualizada pela Lei 11.300/06 Lei complementar 64/90 Resoluȯ̂ TSE 22.718/08 Calendr̀io Eleitoral 
506 1 |a Contenido solo disponible en los productos indicados  |d vLex Global  |d vLex Global (Academic Edition, excluding Law Schools)  |d vLex Global (U.S. Academic Edition, Law Schools)  |d vLex Global (U.S. Academic Edition, excluding Law Schools)  |d vLex Global (Academic Edition, Law Schools) 
650 0 4 |a Propaganda electoral  |z Brasil 
740 0 |a vLex libros (servicio en ln̕ea)  
856 4 0 |u http://vlex.com/source/propaganda-eleitoral-14222  |z Acceso restringido  
942 |c BOOK 
999 0 |a Advertising, Political  |b Brasil